Effect of different fish diet on the growth of (leptobarbus hoeveni) seed nursing in hapa, ឥទ្ធិពលនៃប្រភេទចំណីខុសៗគ្នាទៅលើការផ្សាំកូនត្រីព្រលូងក្នុងហាប៉ា (Record no. 4000)
[ view plain ]
| 000 -LEADER | |
|---|---|
| fixed length control field | 00637nam a22001577a 4500 |
| 003 - CONTROL NUMBER IDENTIFIER | |
| control field | OSt |
| 005 - DATE AND TIME OF LATEST TRANSACTION | |
| control field | 20151204143806.0 |
| 008 - FIXED-LENGTH DATA ELEMENTS--GENERAL INFORMATION | |
| fixed length control field | 151204b xxu||||| |||| 00| 0 eng d |
| 040 ## - CATALOGING SOURCE | |
| Transcribing agency | RUA |
| 082 ## - DEWEY DECIMAL CLASSIFICATION NUMBER | |
| Classification number | FIS HEA 2003 B186 Or.1 |
| 100 ## - MAIN ENTRY--PERSONAL NAME | |
| 9 (RLIN) | 4285 |
| Personal name | HEANG, HEANH. |
| 245 ## - TITLE STATEMENT | |
| Title | Effect of different fish diet on the growth of (leptobarbus hoeveni) seed nursing in hapa, ឥទ្ធិពលនៃប្រភេទចំណីខុសៗគ្នាទៅលើការផ្សាំកូនត្រីព្រលូងក្នុងហាប៉ា |
| 260 ## - PUBLICATION, DISTRIBUTION, ETC. (IMPRINT) | |
| Place of publication, distribution, etc. | Phnom Penh |
| Name of publisher, distributor, etc. | RUA |
| Date of publication, distribution, etc. | 2003 |
| 300 ## - PHYSICAL DESCRIPTION | |
| Extent | 52p. |
| Other physical details | ill. |
| Dimensions | 29cm. |
| 942 ## - ADDED ENTRY ELEMENTS (KOHA) | |
| Source of classification or shelving scheme | |
| Koha item type | FIS |
| Price effective from | Date last seen | Permanent Location | Not for loan | Date acquired | Source of classification or shelving scheme | Koha item type | Lost status | Withdrawn status | Date last checked out | Total Checkouts | Shelving location | Damaged status | Barcode | Current Location | Full call number |
|---|---|---|---|---|---|---|---|---|---|---|---|---|---|---|---|
| 2015-12-04 | 2015-12-04 | Library Block B | 2015-12-04 | FIS | B186 | RUA037484 | Library Block B | FIS HEA 2003 B186 Or.1 | |||||||
| 2015-12-04 | 2015-12-04 | Library Block B | 2015-12-04 | FIS | B186 | RUA036682 | Library Block B | FIS HEA 2003 B186 Or.2 | |||||||
| 2015-12-04 | 2024-09-02 | Library Block B | 2015-12-04 | FIS | 2024-08-06 | 3 | B186 | RUA036732 | Library Block B | FIS HEA 2003 B186 Or.3 | |||||
| 2015-12-04 | 2015-12-04 | Library Block B | 2015-12-04 | FIS | B186 | RUA037641 | Library Block B | FIS HEA 2003 B186 Or.4 | |||||||
| 2015-12-04 | 2015-12-04 | Library Block B | 2015-12-04 | FIS | B186 | RUA037581 | Library Block B | FIS HEA 2003 B186 Or.5 |